Autopsy in the 21st Century Best Practices and Future Directions /

The field of autopsy pathology is enjoying an unexpected renaissance as new and improved uses for postmortem examination are found in quality improvement, education, and research. Increased interest in the autopsy is evident in the popular press as well as in national and international physician mee...

Πλήρης περιγραφή

Λεπτομέρειες βιβλιογραφικής εγγραφής
Συγγραφή απο Οργανισμό/Αρχή: SpringerLink (Online service)
Άλλοι συγγραφείς: Hooper, Jody E. (Επιμελητής έκδοσης, http://id.loc.gov/vocabulary/relators/edt), Williamson, Alex K. (Επιμελητής έκδοσης, http://id.loc.gov/vocabulary/relators/edt)
Μορφή: Ηλεκτρονική πηγή Ηλ. βιβλίο
Γλώσσα:English
Έκδοση: Cham : Springer International Publishing : Imprint: Springer, 2019.
Έκδοση:1st ed. 2019.
Θέματα:
Διαθέσιμο Online:Full Text via HEAL-Link
LEADER 03357nam a2200457 4500
001 978-3-319-98373-8
003 DE-He213
005 20190620141021.0
007 cr nn 008mamaa
008 181108s2019 gw | s |||| 0|eng d
020 |a 9783319983738  |9 978-3-319-98373-8 
024 7 |a 10.1007/978-3-319-98373-8  |2 doi 
040 |d GrThAP 
050 4 |a RB1-214 
072 7 |a MMF  |2 bicssc 
072 7 |a MED067000  |2 bisacsh 
072 7 |a MKF  |2 thema 
082 0 4 |a 616.07  |2 23 
245 1 0 |a Autopsy in the 21st Century  |h [electronic resource] :  |b Best Practices and Future Directions /  |c edited by Jody E. Hooper, Alex K. Williamson. 
250 |a 1st ed. 2019. 
264 1 |a Cham :  |b Springer International Publishing :  |b Imprint: Springer,  |c 2019. 
300 |a XIII, 198 p. 17 illus., 11 illus. in color.  |b online resource. 
336 |a text  |b txt  |2 rdacontent 
337 |a computer  |b c  |2 rdamedia 
338 |a online resource  |b cr  |2 rdacarrier 
347 |a text file  |b PDF  |2 rda 
505 0 |a A Short History of Human Dissection and the Autopsy -- Utilizing the Autopsy for Quality Improvement -- The Future of Autopsy Reporting - Data Repository and Research Support -- Evolving Autopsy Practice Models -- Essential Techniques in Certain Decedent Populations -- The Autopsy in Medical Education and Training -- Forensic Autopsies -- The Science of Rapid Research Autopsy -- Performance of Rapid Research Autopsy -- Autopsy in the 21st Century: Looking Forward. 
520 |a The field of autopsy pathology is enjoying an unexpected renaissance as new and improved uses for postmortem examination are found in quality improvement, education, and research. Increased interest in the autopsy is evident in the popular press as well as in national and international physician meetings. This text provides an overview of topics the authors consider crucial to competent and effective autopsy practice in the 21st century. Each chapter combines relevant theoretical background with current and practical experience-based guidance so that pathologists and clinicians can better utilize the autopsy to provide optimal value to families, patients, researchers, hospitals, and health systems. Importantly, pathologist contributors highlight insights and observations on the future of the field in each chapter. The emerging area of rapid research autopsy is also presented from the perspective of both the science and the performance of this new area of autopsy development. Autopsy in the 21st Century provides guidance for readers to embrace transformations that are already taking place in the field of autopsy pathology. 
650 0 |a Pathology. 
650 0 |a Oncology  . 
650 1 4 |a Pathology.  |0 http://scigraph.springernature.com/things/product-market-codes/H4800X 
650 2 4 |a Oncology.  |0 http://scigraph.springernature.com/things/product-market-codes/H33160 
700 1 |a Hooper, Jody E.  |e editor.  |4 edt  |4 http://id.loc.gov/vocabulary/relators/edt 
700 1 |a Williamson, Alex K.  |e editor.  |4 edt  |4 http://id.loc.gov/vocabulary/relators/edt 
710 2 |a SpringerLink (Online service) 
773 0 |t Springer eBooks 
776 0 8 |i Printed edition:  |z 9783319983721 
776 0 8 |i Printed edition:  |z 9783319983745 
856 4 0 |u https://doi.org/10.1007/978-3-319-98373-8  |z Full Text via HEAL-Link 
912 |a ZDB-2-SME 
950 |a Medicine (Springer-11650)